Poňatie a charakter práva zborník príspevkov z medzinárodnej vedeckej konferencie : 27. februára 2014 : Paneurópska vysoká škola, Fakulta práva, Bratislava

Bibliographic Details
Other Authors: Ľalíková, Natalia (Compiler), Soukeníková, Denisa (Compiler), Vitkóová, Andrea (Compiler), Vranková, Monika, 1988- (Compiler)
Format: Book
Language:Slovak
Czech
English
German
PhysicalDescription:524 s. tab. 24 cm
Published: Bratislava SAP - Slovak Academic Press 2014
ISBN:9788089607198 (brož.)
Subjects:

MARC

LEADER 00000nam a2200000 a 4500
001 vtls010596492
003 SK-MaSNL
005 20260301215103.0
008 250414s2014 xo a f n 100 0 slo
015 |a SNBA2014/06 
020 |a 9788089607198 (brož.) 
035 |a 2fa2362b-ce20-44c5-838b-38b0b4cd18e5 
035 |a urn:nbn:sk:snk-amjt6g 
035 |a urn:nbn:sk:snk:ar-a0aqfc 
040 |a SNK  |b slo  |c SNK  |e AACR2 
041 0 |a slo  |a cze  |a eng  |a ger  |b eng 
044 |a xo  |c SK 
072 7 |a 34  |x Právo  |2 konspekt 
080 |a 34  |2 2001 
080 |a (062.534)  |2 2001 
080 |a 34(091)  |2 2001 
245 0 0 |a Poňatie a charakter práva  |b zborník príspevkov z medzinárodnej vedeckej konferencie : 27. februára 2014 : Paneurópska vysoká škola, Fakulta práva, Bratislava  |c zostavili: Natalia Ľaliková ... [et al.] 
260 |a Bratislava  |b SAP - Slovak Academic Press  |c 2014 
300 |a 524 s.  |b tab.  |c 24 cm 
504 |a Bibliogr. odkazy ; pozn. 
546 |a Čiast. text v angl., češ. a nem. Res. angl. 
650 0 7 |a právo  |2 SNKPH  |9 976 
650 0 7 |a Law  |2 SNKPHeng  |9 265417 
650 0 7 |a History of law  |2 SNKPHeng  |9 266462 
650 0 7 |a právne dejiny  |2 SNKPH  |9 977 
655 7 |a zborníky konferencií  |2 SNKPH  |9 70153 
655 7 |a Proceedings of conferences  |2 SNKPHeng  |9 265791 
655 7 |a issue_zb  |2 SNK  |9 276493 
700 1 |a Ľalíková, Natalia  |4 com  |9 431778 
700 1 |a Soukeníková, Denisa  |4 com  |9 431779 
700 1 |a Vitkóová, Andrea  |4 com  |9 48432 
700 1 |a Vranková, Monika,  |d 1988-  |4 com  |9 169491 
852 |a Slovenská národná knižnica 
919 |a 978-80-89607-19-8 
954 |a odborná, vedecká literatúra pôvodná (slovenská)  |2 lita 
954 |a odborná, vedecká literatúra cudzojazyčná (svetová)  |2 lita 
958 |a ART 
958 |a NB 
958 |a OND 
999 |c 926853  |d 928783 
952 |a SNK  |b SNK  |y PREZ  |7 0  |p 17A1110358  |o snkSC 159528  |i snk2014/11380  |8 0  |0 0  |1 0  |4 0  |d 2014-05-14  |l 0  |r 2025-08-21 00:00:00  |w 2026-02-24 
952 |a SNK  |b SNK  |y VYP  |7 0  |p 17A1110357  |o snkSC 159528 D1  |i snk2014/11381  |8 0  |0 0  |1 0  |4 0  |d 2014-05-14  |l 0  |r 2026-02-24 08:36:25  |w 2026-02-24